000 00304nam a2200133Ia 4500
008 260604s9999 xx 000 0 und d
020 _a9780143448006
082 _a741.59 DE
100 _aDebkumar mitra
_935890
245 0 _aLongform 2025
260 _bPengiun Books
500 _aLongform
942 _cBK
999 _c8724
_d8724